Süßes und Nascherei #2 - Statistiken

Allgemein
  • Dieses Quiz wurde 803 mal gespielt
    802 seit der letzten Aktualisierung
  • Das Durchschnittsergebnis liegt bei 11 aus 15
Antwortstatistiken
Bildquiz Antwort % Korrekt
Waffel
95%
Berliner
93%
Zimtschnecke
89%
Tiramisu
87%
Erdbeerkuchen
86%
Weihnachtsstollen
80%
Käsekuchen
72%
Nussecke
71%
Crêpe
70%
Schwarzwälder Kirschtorte
66%
Gugelhupf
59%
Sachertorte
56%
Windbeutel
55%
Churros
53%
Panna Cotta
19%
Keine übereinstimmenden Quizze gefunden
Verteilung der Resultate
Anzahl Personen mit jedem Resultat
Perzentil nach korrekt beantworteten Fragen
Ihre Resultats-Entwicklung
Sie haben dieses Quiz seit der letzten Aktualisierung nicht gespielt